Statistiques concernant L'Histoire par lettre - C

Cliquez ici pour prendre le quiz!

Statistiques générales

  • Ce quiz a été pris 301 fois
  • Le résultat moyen est 7 sur 10

Statistiques - réponses

IndicesRéponses% Correct
Région de l'Espagne voulant son indépendanceCatalogne
96%
Ancien nom d'IstanbulConstantinople
85%
Amphithéâtre ovoïde romainColisée
81%
Région au sud de l'Ukraine appartenant à la RussieCrimée
79%
Une sorte de salade porte son nomCésar
74%
Astronome ayant défendu la théorie de l'héliocentrismeNicolas Copernic
69%
Famille ayant régné sur la France entre 987 et 1328Capétiens
55%
Île européenne ayant été connu sous le nom de République _____ entre 1755 et 1769Corse
49%
Ancien nom du Sri LankaCeylan
47%
Royaume ibérien entre 1037 et 1516Castille
30%

Distribution des résultats

Percentile par nombre de réponses

% des personnes avec chaque résultat

Votre développement - résultats

Vous n’avez pas pris ce quiz